000 00484nam a2200181Ia 4500
008 151202s9999||||xx |||||||||||||| ||und||
082 _bPNVM-50015
100 _aसमाधी.
245 _aहिंदोळा.
260 _b"अनघा प्रकाशन,ठाणे."
260 _c2004
300 _a152
600 _aसमाधी.
630 _aहिंदोळा.
700 _aसमाधी.
730 _aहिंदोळा.
942 _cBOOK
999 _c1316557
_d1316554